Widok standardowy
Widok MARC
Pozycja Corporate Name
Liczba rekordów, w których użyto hasła: 2
001 - Numer kontrolny
- control field: 39986
003 - Identyfikator numeru kontrolnego
- control field: NUKAT
005 - Data i czas ostatniej modyfikacji
- control field: 20260414120240.0
008 - Dane kontrolne kodowane (40 znaków)
- fixed length control field: 260414n||a|znnaabn |a ana |c
010 ## - Numer kontrolny Biblioteki Kongresu
- numer kontrolny LC: n 2026064655
040 ## - Instytucja sporządzająca rekord
- inst. przygot. dane do rek. khw: OLSZT 008/bak
- język haseł przedmiotowych/tezaurus: kaba
- inst. wprow. rek. khw: OLSZT 008/bak
043 ## - Kod obszaru geograficznego
- ISO code: PL
046 ## - Special dates
- Start period: 2018
110 2# - Hasło - nazwa ciała zbiorowego
- nazwa ciała zbior. lub geogr. na pocz.: VMA Wzorcownia.
368 ## - Other Attributes
- Corp type: Wydawnictwa
368 ## - Other Attributes
- Corp type: Wydawnictwa (instytucje)
370 ## - Associated place
- Country: Polska
370 ## - Associated place
- Residence/HQ: Giżycko (woj. warmińsko-mazurskie)
372 ## - Field of activity
- Field: Działalność wydawnicza
372 ## - Field of activity
- Field: Edytorstwo
377 ## - Assoc lang
- Lang code: pol
410 0# - Trop zob. - nazwa ciała zbiorowego
- nazwa ciała zbior. lub geogr. na pocz.: Pilecki Janusz, VMA Wzorcownia.
410 2# - Trop zob. - nazwa ciała zbiorowego
- nazwa ciała zbior. lub geogr. na pocz.: VMA Wzorcownia Janusz Pilecki.
410 0# - Trop zob. - nazwa ciała zbiorowego
- nazwa ciała zbior. lub geogr. na pocz.: Wzorcownia, VMA.
670 ## - Źródło informacji
- źródło informacji: Sztynort : blaski i cienie : przewodnik kulturowy / napisał Jerzy Łapo. - Sztynort, 2021.
- gdzie znaleziono informację: Wyd., s. red,: (VMA Wzorcownia)
670 ## - Źródło informacji
- źródło informacji: Puls Biznesu, Monitor firm, 14.04.2026
- gdzie znaleziono informację: (VMA Wzorcownia Janusz Pilecki)
- adres internetowy: https://monitorfirm.pb.pl/firma/vma-wzorcownia-janusz-pilecki/